Construction materials (Record no. 3506)

000 -LEADER
fixed length control field 00497nam a22002057a 4500
001 - CONTROL NUMBER
control field 3506
003 - CONTROL NUMBER IDENTIFIER
control field BD-DhUET
008 - FIXED-LENGTH DATA ELEMENTS--GENERAL INFORMATION
fixed length control field 0
020 ## - INTERNATIONAL STANDARD BOOK NUMBER
International Standard Book Number 0419154701
040 ## - CATALOGING SOURCE
Transcribing agency 0
Modifying agency BD-DhUET
082 ## - DEWEY DECIMAL CLASSIFICATION NUMBER
Classification number 620.136
Item number ILL/1994
100 ## - MAIN ENTRY--PERSONAL NAME
Personal name Illston, J. M.
245 ## - TITLE STATEMENT
Title Construction materials
Remainder of title their nature and behavior
250 ## - EDITION STATEMENT
Edition statement 1st ed.
260 ## - PUBLICATION, DISTRIBUTION, ETC. (IMPRINT)
Place of publication, distribution, etc. London
Name of publisher, distributor, etc. E & FN Spon
Date of publication, distribution, etc. 1994
300 ## - PHYSICAL DESCRIPTION
Extent xxiii, 517 p.
Other physical details ill.
Dimensions 20 cm.
504 ## - BIBLIOGRAPHY, ETC. NOTE
Bibliography, etc Includes bibliographies
650 #0 - SUBJECT ADDED ENTRY--TOPICAL TERM
Topical term or geographic name as entry element Concrete-Engineering
942 ## - ADDED ENTRY ELEMENTS (KOHA)
Koha item type General Book
Holdings
Not for loan Koha item type Koha normalized classification for sorting Koha full call number Sublocation or collection (holding branch) Koha issues (times borrowed) Damaged status Lost status Koha date last seen Withdrawn status Source of classification or shelving scheme Price effective from Koha date last borrowed Date acquired Shelving location Copy number Koha renewals Piece designation (barcode) Location (home branch)
 General Book620_136000000000000_ILL_1994620.136/ILL/1994Central Library, BUET1  2021-06-30  2014-11-012015-03-042014-11-01Circulation section1 92490Central Library, BUET
 General Book620_136000000000000_ILL_1994620.136/ILL/1994Central Library, BUET   2014-11-01  2014-11-01 2014-11-01Circulation section2 92503Central Library, BUET
 General Book620_136000000000000_ILL_1994620.136/ILL/1994Central Library, BUET1  2021-08-28  2014-11-012021-08-282014-11-01Circulation section3 92499Central Library, BUET
 General Book620_136000000000000_ILL_1994620.136/ILL/1994Central Library, BUET   2016-03-12  2014-11-01 2014-11-01Circulation section4292494Central Library, BUET
 General Book620_136000000000000_ILL_1994620.136/ILL/1994Central Library, BUET   2014-11-01  2014-11-01 2014-11-01Circulation section5 92501Central Library, BUET
 General Book620_136000000000000_ILL_1994620.136/ILL/1994Central Library, BUET1  2024-09-14  2014-11-012024-09-072014-11-01Circulation section6 92486Central Library, BUET
 Reading Item620_136000000000000_ILL_1994620.136/ILL/1994Central Library, BUET   2015-06-14  2015-06-14 2015-06-14Reading section7 92484Central Library, BUET